000 00584nam a22001817a 4500
005 20130731110952.0
010 _aENG-108245
020 _a9788189846237
_c200.00
035 _aEN-91778
037 _bDBAD/PUB
100 _aSantra, Manas Kumar
245 _aThe largest musalman zamindari in Bengal :
_cby Manas Kumar Santra
_bBirbhum under the Pathan royal family 1600-1765 /
260 _aKolkata
_bProgressive Publishers
_c2013
270 _a37A, College Street
_bKolkata
_e73
300 _a243p.
_c22cm(Hb)
500 _aIncludes bibliographical and index
942 _2ddc
_cEN
_mSAN
999 _c78231
_d78231